NON CONVENTIONAL ENERGY RESOURCES (Record no. 611388)

MARC details
000 -LEADER
fixed length control field 00401nam a2200157 a 4500
001 - CONTROL NUMBER
control field 1770713644542
003 - CONTROL NUMBER IDENTIFIER
control field YourLibrary
005 - DATE AND TIME OF LATEST TRANSACTION
control field 20260222142944.0
008 - FIXED-LENGTH DATA ELEMENTS--GENERAL INFORMATION
fixed length control field 260210s2026##################000#0#eng##
020 ## - INTERNATIONAL STANDARD BOOK NUMBER
International Standard Book Number 9789352601882
040 ## - CATALOGING SOURCE
Original cataloging agency YourLibrary
Language of cataloging eng
Transcribing agency YourLibrary
082 04 - DEWEY DECIMAL CLASSIFICATION NUMBER
Classification number 333.794KHA
100 ## - MAIN ENTRY--PERSONAL NAME
Personal name Khan
245 10 - TITLE STATEMENT
Title NON CONVENTIONAL ENERGY RESOURCES
Statement of responsibility, etc. / Khan
942 ## - ADDED ENTRY ELEMENTS (KOHA)
Koha item type English Books
Source of classification or shelving scheme Dewey Decimal Classification
Holdings
Withdrawn status Lost status Damaged status Not for loan Home library Current library Shelving location Date acquired Total Checkouts Full call number Barcode Date last seen Price effective from Koha item type
        Anna Centenary Library Anna Centenary Library 4TH FLOOR, A WING 10.02.2026   333.794KHA 585784 10.02.2026 10.02.2026 English Books

Find us on the map